000 00725nam a22002417a 4500
003 SISC
005 20170116144232.0
008 130129t xxu||||| |||| 00| 0 eng d
020 _a9789712366451
050 _aHB 172.5
_b.P139 2013
082 _aFIL 339
_b.P139 2006
100 _aPagoso, Cristobal.
245 _aIntroductory macroeconomics /
_cCristobal M. Pagoso, Rosemary P. Dinio, George A. Villasis.
260 _aManila :
_bRex Book Store,
_c2013.
300 _axi, 277 pages :
_bilustrations ;
_c25 cm.
500 _aIncludes bibliographical references and index.
526 _c1210L-1700L
562 _e2
650 _aMacroeconomics.
942 _2lcc
_cBK
_mFIL
_kFIL
999 _c284800
_d284800